Most Catholic US Cities - Statistics

General Stats
  • This quiz has been taken 654 times
  • The average score is 13 of 19
Answer Stats
Hint Answer % Correct
36% New York
97%
36% Boston
92%
31% Los Angeles
90%
33% Chicago
85%
31% Miami
83%
26% San Francisco
81%
33% Philadelphia
77%
23% Houston
75%
26% Phoenix
67%
23% Detroit
66%
36% Pittsburgh
65%
23% Cleveland
62%
27% Minneapolis - St Paul
58%
20% Denver
57%
25% St Louis
54%
26% Milwaukee
53%
22% Columbus
50%
21% Cincinnati
48%
27% Las Vegas
47%
No matching quizzes found
Score Distribution
Percent of People with Each Score
Percentile by Number Answered
Your Score History
You have not taken this quiz